LIBRARY ONLINE CATALOGUE

Principles of managerial finance : (Record no. 12099)

MARC details
000 -LEADER
fixed length control field 00714cam a22002292 4500
001 - CONTROL NUMBER
control field 0000019572
005 - DATE AND TIME OF LATEST TRANSACTION
control field 20151217155226.0
008 - FIXED-LENGTH DATA ELEMENTS--GENERAL INFORMATION
fixed length control field 110111s xx 000 0 eng d
020 ## - INTERNATIONAL STANDARD BOOK NUMBER
International Standard Book Number 0321267605
040 ## - CATALOGING SOURCE
Original cataloging agency KABU
Transcribing agency KABU
050 #0 - LIBRARY OF CONGRESS CALL NUMBER
Classification number HG4011
Item number .G58 2005
100 1# - MAIN ENTRY--PERSONAL NAME
Personal name Gitman, Lawrence J.
-- 0000151021
245 10 - TITLE STATEMENT
Title Principles of managerial finance :
Remainder of title brief /
Statement of responsibility, etc. Lawrence J. Gitman.
250 ## - EDITION STATEMENT
Edition statement 4th ed.
260 ## - PUBLICATION, DISTRIBUTION, ETC. (IMPRINT)
Place of publication, distribution, etc. Boston :
Name of publisher, distributor, etc. Addison Wesley,
Date of publication, distribution, etc. 20005.
300 ## - PHYSICAL DESCRIPTION
Extent 1 v. (various pagings) +
650 #0 - SUBJECT ADDED ENTRY--TOPICAL TERM
Topical term or geographic name as entry element Corporations
General subdivision Finance.
-- 0000007704
650 #0 - SUBJECT ADDED ENTRY--TOPICAL TERM
Topical term or geographic name as entry element Business enterprises
General subdivision Finance.
-- 0000152548
852 1# - LOCATION
-- p7618 KES
908 ## - PUT COMMAND PARAMETER (RLIN)
Put command parameter 110111
950 ## - LOCAL HOLDINGS (RLIN)
-- 1
Holdings
Withdrawn status Lost status Source of classification or shelving scheme Not for loan Home library Current library Date acquired Total Checkouts Full call number Barcode Date last seen Date last checked out Price effective from Koha item type
    Library of Congress Classification   Kabarak, Main Campus Kabarak, Main Campus 17/12/2015 5 HG4011 .G58 2005 c. 1 22863 07/12/2019 24/11/2019 17/12/2015 General Collection